000 00251nam a2200097Ia 4500
005 20250424112935.0
008 250424s9999 xx 000 0 und d
300 _avi, 176 p. ; :ill. 24 cm.
650 _acommunication--Nigeria--Periodicals.
942 _cSR
999 _c38003
_d38003